Prilog razmatranju transformacije vlasništva u Jugoslaviji.
Premena vlastníctva je rozhodujúcou podmienkou uskutočnenia reformy vo všetkých bývalých socialistických krajinách - univerzálne riešenie však neexistuje. V Juhoslávii je situácia odlišná - priaznivejšia preto, lebo trh nezlikvidovali a boli otvorení svetu. Formy transformácie sa musia prispôsobovať...
Gespeichert in:
| 1. Verfasser: | |
|---|---|
| Format: | Buchkapitel |
| Sprache: | Serbisch |
| Schlagworte: | |
| Tags: |
Keine Tags, Fügen Sie das erste Tag hinzu!
|
MARC
| LEADER | 00000naa a2200000 4500 | ||
|---|---|---|---|
| 001 | r003271 | ||
| 005 | 20221125115106.9 | ||
| 041 | 0 | |a srp | |
| 044 | |a [YU] | ||
| 245 | 1 | 0 | |a Prilog razmatranju transformacije vlasništva u Jugoslaviji. |c M. Crkvenac |
| 520 | |a Premena vlastníctva je rozhodujúcou podmienkou uskutočnenia reformy vo všetkých bývalých socialistických krajinách - univerzálne riešenie však neexistuje. V Juhoslávii je situácia odlišná - priaznivejšia preto, lebo trh nezlikvidovali a boli otvorení svetu. Formy transformácie sa musia prispôsobovať konkrétnej situácii - každá forma má svoje prednosti i nedostatky. | ||
| 610 | 2 | 0 | |a vlastníctvo |
| 610 | 2 | 0 | |a reformy hospodárske |
| 610 | 2 | 0 | |a SFRJ |
| 610 | 2 | 0 | |a privatizácia |
| 100 | 1 | |a Crkvenac, M. | |